000 00968nas a2200325 4500
001 BR0101302
003 BR-BrBNA
005 20231205102116.0
007 ta
008 230509b bl.|||p| |||| 00| 00por d
040 _aBR-BrBNA
_bpor
_cBiblioteca Nacional de Agricultura
041 _a(Pt)
072 _aL02
100 1 _aHayashi, C.
100 1 _aSoares, C.M.
100 1 _aBoscolo, V.R.
100 1 _aGaldioli, E.M.
100 1 _aFuruya, V.R.B.
245 1 _aDiferentes fontes proteicas em dietas para o caracol gigante (Achatina fulica)na fase de crescimento
650 _aEscargot
650 _aHelicicultura
650 _aDieta
650 _aSuplemento Proteico
650 _aGanho de Peso
650 _aConcha
650 _aPARANÁ
773 0 _tRevista Brasileira de Zootecnia (Brazil)
_xISSN 1516-3598
_g(Nov-Dec 2000), v. 29(6)Suplemento 1 p. 2080-2086
_wBR0101302
909 _a202311
_bLúcia
_c55
_dLúcia Elande
942 _2AGRIS
_n0
_cANA
999 _c165788
_d165788